Törésvonalak a Mindszenty-tisztelők érvelési rendszerében: A manicheizmus veszélye Mindszenty bíboros hagiográfusainak írásaiban

Saved in:  
Bibliographic Details
Main Author: Borsy, Judit (Author)
Format: Print Review
Language:Hungarian
Check availability: HBZ Gateway
Interlibrary Loan:Interlibrary Loan for the Fachinformationsdienste (Specialized Information Services in Germany)
Published: 2016
In: Magyar egyháztörténeti vázlatok
Year: 2016, Volume: 28, Issue: 1/4, Pages: [239]-241
Review of:Prímás Album (Borsy, Judit)
A szent életű bíboros (Borsy, Judit)
Further subjects:B Book review

MARC

LEADER 00000caa a22000002c 4500
001 1967505578
003 DE-627
005 20260328072647.0
007 tu
008 260327s2016 xx ||||| o 00| ||hun c
035 |a (DE-627)1967505578 
035 |a (DE-599)BVBBV046929025 
035 |a (DE-604)BV046929025 
040 |a DE-627  |b ger  |c DE-627  |e rda 
041 |a hun 
084 |a 1  |2 ssgn 
100 1 |e VerfasserIn  |0 (DE-588)119420869X  |0 (DE-627)167603496X  |4 aut  |a Borsy, Judit 
109 |a Borsy, Judit 
245 1 0 |a Törésvonalak a Mindszenty-tisztelők érvelési rendszerében  |b A manicheizmus veszélye Mindszenty bíboros hagiográfusainak írásaiban  |c Borsy Judit 
264 1 |c 2016 
336 |a Text  |b txt  |2 rdacontent 
337 |a ohne Hilfsmittel zu benutzen  |b n  |2 rdamedia 
338 |a Band  |b nc  |2 rdacarrier 
546 |a Text ungarisch 
655 7 |a Rezension  |0 (DE-588)4049712-4  |0 (DE-627)106186019  |0 (DE-576)209083166  |2 gnd-content 
773 0 8 |i Enthalten in  |t Magyar egyháztörténeti vázlatok  |d Budapest : METEM, 1989  |g 28(2016), 1/4, Seite [239]-241  |w (DE-627)17037761X  |w (DE-600)1048765-7  |w (DE-576)02500106X  |x 0865-5227  |7 nnas 
773 1 8 |g volume:28  |g year:2016  |g number:1/4  |g pages:[239]-241 
787 0 8 |i Rezension von  |t Prímás Album 
787 0 8 |i Rezension von  |t A szent életű bíboros 
935 |a mteo 
951 |a AR 
ELC |b 1 
ITA |a 1  |t 1 
LOK |0 000 xxxxxcx a22 zn 4500 
LOK |0 001 4943823521 
LOK |0 003 DE-627 
LOK |0 004 1967505578 
LOK |0 005 20260330121154 
LOK |0 008 260327||||||||||||||||ger||||||| 
LOK |0 035   |a (DE-Tue135)BVBBV046929025 
LOK |0 040   |a DE-Tue135  |c DE-627  |d DE-Tue135 
LOK |0 092   |o n 
LOK |0 852   |a DE-Tue135 
LOK |0 852 1  |9 00 
LOK |0 935   |a bvba 
LOK |0 939   |a 2026-03-27  |b l01 
ORI |a TA-MARC-ixtheoa001.raw